[Event "Reykjavik Open 2018"]
[Site "Reykjavik ISL"]
[Date "2018.03.11"]
[Round "6.47"]
[White "Kjartansson, Gudmundur"]
[Black "Green, Per"]
[Result "1/2-1/2"]
[WhiteTitle "IM"]
[WhiteElo "2432"]
[BlackElo "1961"]
[WhiteFideId "2301318"]
[BlackFideId "1703811"]
[EventDate "2018.03.06"]

1. d4 Nf6 2. Nf3 d5 3. c4 e6 4. Nc3 c5 5. cxd5 Nxd5 6. e4 Nxc3 7. bxc3 cxd4 8.
cxd4 Bb4+ 9. Bd2 Bxd2+ 10. Qxd2 O-O 11. Be2 b6 12. O-O Bb7 13. Qf4 Nc6 14. Rad1
Ne7 15. Rd2 Rc8 16. Rfd1 Qc7 17. Qe3 Rfd8 18. h4 Bc6 19. Ba6 Rb8 20. Bd3 Ba4 21.
Re1 Ng6 22. g3 h6 23. h5 Nf8 24. Kg2 Qe7 25. Rh1 Bc6 26. Rh4 Nh7 27. d5 exd5 28.
Nd4 Bd7 29. exd5 Qd6 30. Bxh7+ Kxh7 31. Ne2 Kg8 32. Re4 Re8 33. Nf4 Rxe4 34.
Qxe4 Re8 35. Qd4 Bf5 36. Re2 Rxe2 37. Nxe2 Bd7 38. Nc3 Bc6 39. Qe4 Bd7 40. Qc4
Qe5 41. Qh4 f6 42. Qc4 Qxh5 43. d6+ Kh7 44. Nd5 Bh3+ 45. Kg1 Qf3 46. Ne3 Bd7 47.
Qd3+ Kh8 48. Qa6 Kh7 49. Qxa7 Bc6 50. Kf1 Bb5+ 51. Kg1 Bc6 52. Kf1 Bb5+ 53. Kg1 1/2-1/2

[Event "Reykjavik Open 2018"]
[Site "Reykjavik ISL"]
[Date "2018.03.11"]
[Round "6.48"]
[White "Loiseau, Quentin"]
[Black "Gudmundsson, Bjorgvin S"]
[Result "1-0"]
[WhiteTitle "IM"]
[WhiteElo "2427"]
[BlackElo "1949"]
[WhiteFideId "665274"]
[BlackFideId "2310520"]
[EventDate "2018.03.06"]

1. e4 c6 2. d4 d5 3. e5 Bf5 4. Nf3 e6 5. Be2 c5 6. Be3 Qb6 7. Nc3 Qxb2 8. Nb5
Na6 9. dxc5 Bxc2 10. Qc1 Qxc1+ 11. Rxc1 Ba4 12. Nd6+ Bxd6 13. cxd6 Nh6 14. Bxa6
bxa6 15. Rc7 O-O 16. Kd2 Nf5 17. Rb1 Nxe3 18. Kxe3 Rfc8 19. Rbb7 Rxc7 20. dxc7
Rc8 21. Nd4 Kf8 22. Rb8 Bd7 23. Nc6 1-0

[Event "Reykjavik Open 2018"]
[Site "Reykjavik ISL"]
[Date "2018.03.11"]
[Round "6.49"]
[White "Fivelstad, Jon Olav"]
[Black "Pigott, John C"]
[Result "0-1"]
[BlackTitle "IM"]
[WhiteElo "1916"]
[BlackElo "2403"]
[WhiteFideId "1510339"]
[BlackFideId "400459"]
[EventDate "2018.03.06"]

1. e4 c5 2. Nf3 d6 3. Bb5+ Nc6 4. O-O Bd7 5. Re1 Nf6 6. Nc3 e6 7. d4 cxd4 8.
Nxd4 Be7 9. Bg5 Qb6 10. Be3 Qc7 11. f4 O-O 12. Kh1 a6 13. Bd3 b5 14. Qf3 Nxd4
15. Bxd4 Bc6 16. Qg3 g6 17. Rad1 b4 18. Nb1 e5 19. fxe5 Nh5 20. Qf2 dxe5 21. Bb6
Qb7 22. Nd2 f6 23. Nc4 Bb5 24. Na5 Qc8 25. b3 Nf4 26. Bc4+ Kg7 27. g3 Bxc4 28.
Nxc4 Ne6 29. Rd5 Rf7 30. Red1 Ng5 31. Qe3 Qg4 32. Re1 h5 33. Qe2 Qe6 34. Red1
Rc8 35. Bg1 Qg4 36. Re1 Rc6 37. Bb6 Bf8 38. Bg1 Rfc7 39. h4 Nf3 40. Bh2 Nxe1 41.
Qxe1 Qf3+ 0-1

[Event "Reykjavik Open 2018"]
[Site "Reykjavik ISL"]
[Date "2018.03.11"]
[Round "6.50"]
[White "Arvidsson, Jonas"]
[Black "Bisby, Daniel L"]
[Result "0-1"]
[BlackTitle "FM"]
[WhiteElo "1913"]
[BlackElo "2339"]
[WhiteFideId "1717839"]
[BlackFideId "404586"]
[EventDate "2018.03.06"]

1. e4 c5 2. Nf3 d6 3. d4 cxd4 4. Nxd4 Nf6 5. Nc3 g6 6. Be3 a6 7. f3 b5 8. Qd2
Bb7 9. O-O-O Nbd7 10. Nb3 Rc8 11. Be2 h5 12. h3 h4 13. Bg5 Bg7 14. Qe1 Rh5 15.
f4 Rxg5 16. fxg5 Nxe4 17. Nxe4 Bxe4 18. Bd3 Bxd3 19. Rxd3 Ne5 20. Rd4 Nc4 21.
Qxh4 Qc7 22. Qf2 Bxd4 23. Nxd4 Qc5 24. Rf1 Qxg5+ 25. Kb1 Nd2+ 0-1

[Event "Reykjavik Open 2018"]
[Site "Reykjavik ISL"]
[Date "2018.03.11"]
[Round "6.51"]
[White "Povah, Nigel E"]
[Black "Mancini, Giustino"]
[Result "1-0"]
[WhiteTitle "IM"]
[WhiteElo "2284"]
[BlackElo "1905"]
[WhiteFideId "400467"]
[BlackFideId "806285"]
[EventDate "2018.03.06"]

1. d4 d5 2. Nf3 Nf6 3. e3 Bf5 4. c4 e6 5. cxd5 exd5 6. Qb3 Qc8 7. Bd2 Bxb1 8.
Rxb1 a5 9. Rc1 Bd6 10. Bd3 O-O 11. Qc2 Nc6 12. Bf5 Qd8 13. a3 Qe7 14. Qb3 Rfb8
15. O-O g6 16. Bd3 Qd7 17. Bb5 Qf5 18. Rfe1 Ne4 19. Qc2 Ne7 20. Bd3 g5 21. Bxe4
dxe4 22. Ne5 Bxe5 23. dxe5 c6 24. Bc3 g4 25. Red1 Rd8 26. Rd4 Rxd4 27. exd4 Nd5
28. Re1 b5 29. Qxe4 Qxe4 30. Rxe4 Nxc3 31. bxc3 b4 32. d5 b3 33. dxc6 b2 34. Re1
Rc8 35. Rb1 Rxc6 36. Rxb2 Rxc3 37. g3 Rxa3 38. Rb6 Ra1+ 39. Kg2 Re1 40. Rb5 Ra1
41. h3 gxh3+ 42. Kxh3 a4 43. Kg4 Kg7 44. f4 a3 45. Ra5 a2 46. Ra7 h5+ 47. Kf5
Rg1 48. Rxa2 Rxg3 49. Rh2 Kh6 50. Kf6 Rg4 51. Rf2 Rg7 52. f5 h4 53. Rf4 1-0

[Event "Reykjavik Open 2018"]
[Site "Reykjavik ISL"]
[Date "2018.03.11"]
[Round "6.52"]
[White "Kucuksari, Kaan"]
[Black "Meyer, Juergen"]
[Result "1-0"]
[WhiteTitle "FM"]
[WhiteElo "2271"]
[BlackElo "1926"]
[WhiteFideId "6380166"]
[BlackFideId "24661759"]
[EventDate "2018.03.06"]

1. d4 f5 2. Nf3 Nf6 3. g3 g6 4. Bg2 Bg7 5. O-O O-O 6. c4 d6 7. Nc3 Nc6 8. d5 Ne5
9. Nxe5 dxe5 10. Qb3 e6 11. Rd1 Qe7 12. Nb5 Rd8 13. Be3 a6 14. Nxc7 Qxc7 15. Bb6
Qe7 16. Bxd8 Qxd8 17. dxe6 Qe7 18. c5 Bxe6 19. Qxb7 Ra7 20. Qxe7 Rxe7 21. Rd6
Bc4 22. e3 Rc7 23. Rc1 Bb5 24. a4 Bxa4 25. Rxa6 Bb5 26. Rb6 Bd3 27. Rc6 Ra7 28.
Rc8+ Kf7 29. c6 e4 30. c7 1-0

[Event "Reykjavik Open 2018"]
[Site "Reykjavik ISL"]
[Date "2018.03.11"]
[Round "6.53"]
[White "Shailesh, Dravid"]
[Black "Kleinert, Juergen"]
[Result "1-0"]
[WhiteTitle "FM"]
[WhiteElo "2246"]
[BlackElo "1887"]
[WhiteFideId "25017969"]
[BlackFideId "4659180"]
[EventDate "2018.03.06"]

1. d4 d5 2. Nc3 Nf6 3. Bf4 a6 4. e3 Bf5 5. f3 h6 6. g4 Bh7 7. h4 e6 8. Bd3 Bd6
9. Bxh7 Rxh7 10. Nge2 Nc6 11. Qd3 Nb4 12. Qd2 Qe7 13. O-O-O O-O-O 14. g5 Nh5 15.
Bxd6 Qxd6 16. e4 Ng3 17. Nxg3 Qxg3 18. Ne2 Qxf3 19. Rhf1 Qxe4 20. Rf4 Qg2 21.
Rxf7 Nc6 22. Rg1 Qe4 23. g6 Rhh8 24. Rf4 1-0

[Event "Reykjavik Open 2018"]
[Site "Reykjavik ISL"]
[Date "2018.03.11"]
[Round "6.54"]
[White "Marshall, Michael"]
[Black "Ragnarsson, Dagur"]
[Result "1/2-1/2"]
[BlackTitle "FM"]
[WhiteElo "1890"]
[BlackElo "2236"]
[WhiteFideId "1409956"]
[BlackFideId "2304058"]
[EventDate "2018.03.06"]

1. d4 e6 2. Bf4 Nf6 3. e3 c5 4. c3 Nc6 5. Nf3 d5 6. Nbd2 Bd6 7. Bg3 O-O 8. Be2
b6 9. Ne5 Bb7 10. f4 Ne7 11. O-O Nf5 12. Bf2 Be7 13. Qc2 Ne4 14. Nxe4 dxe4 15.
g4 Nd6 16. dxc5 bxc5 17. Rad1 Qc7 18. Nc4 Nc8 19. Bg3 f5 20. Rd2 Kh8 21. Rfd1
Bc6 22. Ne5 Nb6 23. c4 Be8 24. b3 a5 25. a4 Nc8 26. g5 Bd6 27. Qc3 Rb8 28. h4
Qb6 29. Rb1 Bxa4 30. Ra2 Bxe5 31. fxe5 Bc6 32. Qxa5 Rd8 1/2-1/2

[Event "Reykjavik Open 2018"]
[Site "Reykjavik ISL"]
[Date "2018.03.11"]
[Round "6.55"]
[White "Roe, Simon J"]
[Black "Puglia, Francesco"]
[Result "1-0"]
[WhiteElo "2221"]
[BlackElo "1878"]
[WhiteFideId "401471"]
[BlackFideId "2820060"]
[EventDate "2018.03.06"]

1. Nf3 g6 2. c4 Bg7 3. d4 Nf6 4. g3 d5 5. cxd5 Nxd5 6. Bg2 O-O 7. O-O Na6 8. Nc3
c5 9. e4 Nxc3 10. bxc3 Bg4 11. Be3 e5 12. dxe5 Qc7 13. Qc2 Rad8 14. Bg5 Rd7 15.
Bf4 Re7 16. e6 Qb6 17. exf7+ Rfxf7 18. Rab1 Qa5 19. Ng5 Rf6 20. e5 Rb6 21. Bd5+
Kh8 22. Rxb6 Qxb6 23. Nf7+ Rxf7 24. Bxf7 Qc6 25. Qd3 1-0

[Event "Reykjavik Open 2018"]
[Site "Reykjavik ISL"]
[Date "2018.03.11"]
[Round "6.56"]
[White "Mirza, Diana"]
[Black "Laustsen, Lars"]
[Result "1/2-1/2"]
[WhiteTitle "WFM"]
[WhiteElo "1849"]
[BlackElo "2201"]
[WhiteFideId "2503999"]
[BlackFideId "1407554"]
[EventDate "2018.03.06"]

1. e4 c5 2. Nf3 d6 3. d4 cxd4 4. Nxd4 Nf6 5. Nc3 a6 6. Be3 e5 7. Nb3 Be6 8. f3
h5 9. Qd2 Nbd7 10. Be2 Rc8 11. O-O Nb6 12. Rfd1 d5 13. exd5 Nbxd5 14. Bg5 Nxc3
15. Qxd8+ Rxd8 16. Rxd8+ Kxd8 17. bxc3 Kc7 18. c4 Nd7 19. Be3 Nb6 20. Nd2 f5 21.
Rb1 Na4 22. Rb3 Be7 23. Nb1 Nc5 24. Rb2 Rd8 25. Nc3 g5 26. Nd5+ Bxd5 27. cxd5
Rxd5 28. c4 Rd8 29. Rd2 Rxd2 30. Bxd2 Kc6 31. Bb4 Bf6 32. Bxc5 Kxc5 33. Bd3 f4
34. Kf2 Kd4 35. Bg6 Kxc4 36. Bxh5 Kb4 37. Ke2 Ka3 38. Bf7 b5 39. Kd3 a5 40. Ke4
a4 41. Kf5 Bd8 42. Kxe5 b4 43. Kf5 b3 44. axb3 axb3 45. Bxb3 Kxb3 46. g3 fxg3
47. hxg3 Kc3 48. f4 gxf4 49. gxf4 1/2-1/2

[Event "Reykjavik Open 2018"]
[Site "Reykjavik ISL"]
[Date "2018.03.11"]
[Round "6.57"]
[White "Briem, Stephan"]
[Black "Seyb, Dieter"]
[Result "1/2-1/2"]
[BlackTitle "FM"]
[WhiteElo "1841"]
[BlackElo "2192"]
[WhiteFideId "2312506"]
[BlackFideId "4603346"]
[EventDate "2018.03.06"]

1. Nf3 g6 2. d4 Bg7 3. c4 d6 4. Nc3 e5 5. e4 Nc6 6. d5 Nd4 7. h3 c5 8. Be2 f5 9.
Rb1 Nf6 10. Bg5 h6 11. Bxf6 Qxf6 12. b4 b6 13. bxc5 bxc5 14. exf5 Bxf5 15. Bd3
O-O 16. Ne4 Bxe4 17. Bxe4 Qf4 18. Qd3 g5 19. O-O Rab8 20. Rxb8 Rxb8 21. Nxd4
exd4 22. g3 Qf8 23. Rb1 Rb6 24. Bg6 Be5 25. Bh5 Rxb1+ 26. Qxb1 Qe7 27. Qg6+ Bg7
28. Bg4 Kf8 29. Bh5 Kg8 30. Bg4 Kf8 1/2-1/2

[Event "Reykjavik Open 2018"]
[Site "Reykjavik ISL"]
[Date "2018.03.11"]
[Round "6.58"]
[White "Jonsson, Pall G"]
[Black "Pein, Jonathan"]
[Result "0-1"]
[WhiteElo "1841"]
[BlackElo "2184"]
[WhiteFideId "2303205"]
[BlackFideId "417092"]
[EventDate "2018.03.06"]

1. b4 e5 2. Bb2 Bxb4 3. Bxe5 Nf6 4. e3 O-O 5. Nf3 Re8 6. h3 d5 7. c4 c5 8. Be2
Nc6 9. Bb2 d4 10. Qc2 dxe3 11. fxe3 Rxe3 12. Kf2 Re8 13. Bd3 Ba5 14. a3 Nd4 15.
Bxd4 cxd4 16. a4 Bd7 17. Re1 Rxe1 18. Nxe1 Bc6 19. Na3 Qd6 20. Qd1 Qf4+ 21. Nf3
Re8 22. Ra2 Bc7 23. Nc2 Nh5 24. Ne1 Qg3+ 25. Kg1 Nf4 26. Kf1 Nxg2 27. Be2 Nxe1
28. Qxe1 Qxh3+ 29. Kg1 Bh2+ 0-1

[Event "Reykjavik Open 2018"]
[Site "Reykjavik ISL"]
[Date "2018.03.11"]
[Round "6.59"]
[White "Janzelj, Lara"]
[Black "Alderson, John K A"]
[Result "1-0"]
[WhiteTitle "WFM"]
[WhiteElo "2180"]
[BlackElo "1824"]
[WhiteFideId "14608391"]
[BlackFideId "422711"]
[EventDate "2018.03.06"]

1. d4 d5 2. c4 dxc4 3. Nf3 Nf6 4. e3 e6 5. Bxc4 c5 6. O-O a6 7. b3 b5 8. Be2 Bb7
9. Bb2 Nc6 10. Nbd2 cxd4 11. Nxd4 Nxd4 12. Bxd4 Be7 13. Bf3 Qd7 14. Qe2 O-O 15.
Bxb7 Qxb7 16. Nf3 Rac8 17. Rac1 h6 18. Ne5 Rxc1 19. Rxc1 Rc8 20. Rxc8+ Qxc8 21.
g3 Nd7 22. Qg4 Nxe5 23. Bxe5 Qc1+ 24. Kg2 Qc6+ 25. e4 f6 26. Bd4 e5 27. Be3 Kh7
28. h4 Bc5 29. Bd2 Bd4 30. h5 Qc2 31. Qf5+ Kh8 32. Bxh6 Bxf2 33. Bxg7+ Kg8 34.
Bxf6 Be3+ 35. Kh3 Qc7 36. Bxe5 Qe7 37. Qg6+ 1-0

[Event "Reykjavik Open 2018"]
[Site "Reykjavik ISL"]
[Date "2018.03.11"]
[Round "6.60"]
[White "Densing, Gerd"]
[Black "Fridjonsson, Julius"]
[Result "1/2-1/2"]
[WhiteElo "1831"]
[BlackElo "2167"]
[WhiteFideId "24621013"]
[BlackFideId "2300842"]
[EventDate "2018.03.06"]

1. d4 d5 2. Nf3 Nf6 3. e3 Bf5 4. c4 c6 5. Qb3 Qb6 6. Nc3 e6 7. c5 Qc7 8. Bd2
Nbd7 9. Rc1 Be7 10. Nh4 Bg4 11. h3 Bh5 12. Be2 Bxe2 13. Nxe2 Ne4 14. Nf3 O-O 15.
Bc3 b6 16. cxb6 axb6 17. Nd2 Nef6 18. O-O c5 19. a3 e5 20. dxe5 Nxe5 21. Bxe5
Qxe5 22. Nf3 Qb8 23. Rfd1 Rd8 24. Nc3 Qb7 25. Rd2 c4 26. Qd1 b5 27. Ne5 h5 28.
Qf3 b4 29. axb4 Bxb4 30. Nxc4 Bxc3 31. bxc3 1/2-1/2

[Event "Reykjavik Open 2018"]
[Site "Reykjavik ISL"]
[Date "2018.03.11"]
[Round "6.61"]
[White "Hansen, Ib Lynaes"]
[Black "Cumming, Rhys"]
[Result "0-1"]
[WhiteElo "1822"]
[BlackElo "2155"]
[WhiteFideId "1407511"]
[BlackFideId "470163"]
[EventDate "2018.03.06"]

1. e4 e5 2. Nf3 Nc6 3. Bb5 a6 4. Ba4 Nf6 5. O-O b5 6. Bb3 Bc5 7. d3 h6 8. c3 d6
9. h3 O-O 10. a4 Rb8 11. Na3 Bd7 12. Re1 Re8 13. Nc2 Na5 14. Ba2 bxa4 15. Ne3
Qc8 16. Nd5 Nxd5 17. Bxd5 Nb3 18. Rb1 c6 19. Bc4 Nxc1 20. Qxc1 Be6 21. Bxe6 Qxe6
22. d4 Ba7 23. Qc2 Qb3 24. Qe2 Qb5 25. Qd2 Qc4 26. Qd1 exd4 27. Nxd4 Bxd4 28.
Qxd4 Qxd4 29. cxd4 Rb4 30. d5 cxd5 31. exd5 Rxe1+ 32. Rxe1 Rxb2 33. g3 a3 34.
Kg2 a2 35. Ra1 Kf8 36. Kf3 Ke7 37. Ke3 Rb3+ 38. Kd4 Ra3 39. g4 a5 40. f4 g5 41.
fxg5 hxg5 42. Ke4 Kf6 43. Rf1+ Kg6 44. Ra1 a4 45. Kd4 Rxh3 46. Rxa2 Rg3 47. Kc4
Rxg4+ 48. Kb5 Kf6 49. Kc6 Ke5 50. Re2+ Re4 51. Rg2 f6 52. Rh2 Rc4+ 53. Kb5 Kxd5 0-1

[Event "Reykjavik Open 2018"]
[Site "Reykjavik ISL"]
[Date "2018.03.11"]
[Round "6.62"]
[White "Jonsson, Olafur Gisli"]
[Black "Ingebretsen, Jens E"]
[Result "0-1"]
[WhiteElo "1822"]
[BlackElo "2132"]
[WhiteFideId "2302705"]
[BlackFideId "1522965"]
[EventDate "2018.03.06"]

1. e4 e5 2. Nf3 Nc6 3. Bc4 Nf6 4. d3 Bc5 5. c3 a6 6. Nbd2 Ba7 7. O-O d6 8. Bb3
O-O 9. h3 h6 10. Re1 Be6 11. Bc2 Re8 12. Nf1 d5 13. Qe2 d4 14. Bd2 Qd6 15. Ng3
b5 16. Nh4 Ne7 17. Nh5 Nxh5 18. Qxh5 Kh7 19. g4 Ng8 20. Nf5 Qd8 21. Nxg7 Kxg7
22. Qxe5+ Kh7 23. Qg3 dxc3 24. bxc3 Ne7 25. Qf4 Rh8 26. d4 Ng6 27. Qf3 c6 28.
Rad1 Bxa2 29. d5 Kg8 30. Bc1 Qh4 31. e5 Bxd5 32. Rxd5 cxd5 33. e6 Rf8 34. Ba3
Kg7 35. e7 Re8 36. Bxg6 fxg6 37. Bd6 Qxf2+ 38. Qxf2 Bxf2+ 39. Kxf2 Kf7 40. Re5
Rc8 41. Bb4 d4 42. cxd4 Rc4 43. Bc5 Re8 44. h4 b4 45. Ke3 b3 46. Ba3 Ra4 47. d5
Rxa3 48. d6 b2+ 49. Kf2 b1=Q 50. d7 Qb2+ 51. Re2 Qxe2+ 52. Kxe2 Rxe7+ 0-1

[Event "Reykjavik Open 2018"]
[Site "Reykjavik ISL"]
[Date "2018.03.11"]
[Round "6.63"]
[White "Chan, Daniel"]
[Black "Ingvason, Johann"]
[Result "1/2-1/2"]
[WhiteElo "1816"]
[BlackElo "2126"]
[WhiteFideId "142050"]
[BlackFideId "2301431"]
[EventDate "2018.03.06"]

1. d4 Nf6 2. Bf4 g6 3. e3 Bg7 4. Nf3 O-O 5. h3 c5 6. c3 Qb6 7. Qb3 d6 8. Nbd2
Qc7 9. Be2 Nbd7 10. O-O a6 11. a4 b6 12. Bh2 Bb7 13. Rfc1 Rac8 14. Qd1 Qc6 15.
Qf1 Ra8 16. b4 h6 17. b5 Qc8 18. bxa6 Bxa6 19. Bb5 Bb7 20. Qd1 Kh7 21. Rab1 Bc6
22. Qb3 Nh5 23. e4 Bxb5 24. axb5 Qb7 25. e5 dxe5 26. dxe5 Bh8 27. e6 Ndf6 28.
Ne5 Qd5 29. Qxd5 Nxd5 30. exf7 Bxe5 31. Bxe5 Rxf7 32. Ra1 Raf8 33. Ne4 Nhf6 34.
Bxf6 Nxf6 35. Nxf6+ Rxf6 36. Re1 R8f7 37. Ra7 Rxf2 38. Rexe7 Kg7 39. Rab7 Rf1+
40. Kh2 Rxe7 41. Rxe7+ Rf7 42. Re6 Rf6 43. Re7+ Kf8 44. Re3 Kf7 45. Kg3 Re6 46.
Rd3 Re2 47. Kf3 Rb2 48. c4 Ke6 49. Re3+ Kd6 50. h4 Rc2 51. Re4 Rd2 52. Rg4 g5
53. hxg5 hxg5 54. Rxg5 Rd3+ 55. Ke2 Rd4 56. Rg6+ Kc7 57. Rg7+ Rd7 1/2-1/2

[Event "Reykjavik Open 2018"]
[Site "Reykjavik ISL"]
[Date "2018.03.11"]
[Round "6.64"]
[White "Buscar, Michael"]
[Black "Shaw, Robin A"]
[Result "1-0"]
[WhiteElo "2099"]
[BlackElo "1770"]
[WhiteFideId "2603616"]
[BlackFideId "3204677"]
[EventDate "2018.03.06"]

1. d4 g6 2. c4 Bg7 3. Nf3 d6 4. g3 c6 5. Bg2 Qc7 6. O-O e5 7. dxe5 dxe5 8. Qc2
Ne7 9. Nc3 Na6 10. a3 Be6 11. Nd2 f5 12. e4 O-O 13. b4 Rad8 14. c5 Qd7 15. Rd1
Qd3 16. Qxd3 Rxd3 17. Bb2 Rfd8 18. Nf1 Rxd1 19. Rxd1 Rxd1 20. Nxd1 Nc7 21. f3
Kf7 22. Kf2 fxe4 23. fxe4 Bb3 24. Nde3 Be6 25. Nd2 Nb5 26. Ndc4 Nd4 27. Nd6+ Kf8
28. Nxb7 Nc8 29. Nd8 Bd7 30. Nb7 Ke7 31. Bf1 Be6 32. Na5 Kd7 33. Bc4 Ne7 34.
Bxe6+ Kxe6 35. Nac4 h5 36. Nd6 Bh6 37. Nec4 Bg7 38. a4 a6 39. Ne8 Bf8 40. Nc7+
Kd7 41. Nxa6 Bg7 42. Nd6 Nc8 43. Nb8+ Ke7 1-0

[Event "Reykjavik Open 2018"]
[Site "Reykjavik ISL"]
[Date "2018.03.11"]
[Round "6.67"]
[White "Holm, Fridgeir K"]
[Black "Thorsteinsson, Erlingur"]
[Result "0-1"]
[WhiteElo "1746"]
[BlackElo "2056"]
[WhiteFideId "2307324"]
[BlackFideId "2301091"]
[EventDate "2018.03.06"]

1. e4 c5 2. Nf3 Nf6 3. Nc3 e6 4. d4 cxd4 5. Nxd4 Nc6 6. Be3 Qa5 7. Nxc6 dxc6 8.
Bd3 e5 9. h3 Be6 10. O-O Bc5 11. a3 Bxe3 12. fxe3 Qb6 13. Qc1 Rd8 14. b4 Nd7 15.
Qe1 O-O 16. Qg3 a5 17. Rab1 axb4 18. axb4 f6 19. Na4 Qc7 20. Nc5 Nxc5 21. bxc5
Qe7 22. Rb6 Rd7 23. Rfb1 Rf7 24. R1b2 Qxc5 25. Qe1 Rfe7 26. Kf2 Rf7 27. Qb1 Qe7
28. g4 g6 29. Qg1 Rg7 30. R2b4 f5 31. Qg3 fxg4 32. hxg4 Rf7+ 33. Ke2 Qg5 34. Kd2
h5 35. R4b5 Bxg4 36. Rxe5 Qd8 37. Rb4 Rf3 38. Qe1 Qf6 39. Rd4 Qxe5 40. Rxd7 Bxd7
41. Qh4 Qf6 42. Qh1 Rf2+ 43. Be2 Bg4 0-1

[Event "Reykjavik Open 2018"]
[Site "Reykjavik ISL"]
[Date "2018.03.11"]
[Round "6.68"]
[White "Yu, Henry"]
[Black "Briem, Benedikt"]
[Result "1-0"]
[WhiteElo "2051"]
[BlackElo "1560"]
[WhiteFideId "30942683"]
[BlackFideId "2315432"]
[EventDate "2018.03.06"]

1. c4 f5 2. g3 Nf6 3. Bg2 e5 4. Nc3 Bc5 5. e3 O-O 6. Nge2 d6 7. O-O Nc6 8. d4
Bb6 9. b4 Nxb4 10. Qb3 c5 11. dxe5 dxe5 12. Rd1 Qe7 13. a3 Nc6 14. Nd5 Nxd5 15.
cxd5 Na5 16. Qc3 Qd6 17. Bb2 Bc7 18. Nf4 Rf6 19. Ne6 Bb6 20. Qxe5 Qxe5 21. Bxe5
Rxe6 22. dxe6 Bxe6 23. Bc3 Rc8 24. Rd6 Kf7 25. Bd5 Bxd5 26. Rxd5 Kg8 27. Rd7 Nb3
28. Rb1 1-0

[Event "Reykjavik Open 2018"]
[Site "Reykjavik ISL"]
[Date "2018.03.11"]
[Round "6.69"]
[White "Peoples, Jonathon"]
[Black "Diaz, Franck"]
[Result "0-1"]
[WhiteElo "1763"]
[BlackElo "2050"]
[WhiteFideId "2509520"]
[BlackFideId "639125"]
[EventDate "2018.03.06"]

1. Nf3 Nf6 2. d4 g6 3. c4 Bg7 4. Nc3 O-O 5. e4 d6 6. Be2 e5 7. O-O Nc6 8. d5 Ne7
9. b4 a5 10. Ba3 axb4 11. Bxb4 Nd7 12. Nd2 f5 13. Nb3 Nf6 14. f3 c5 15. dxc6
Qb6+ 16. c5 Qxb4 17. cxd6 Qb6+ 18. Kh1 Nxc6 19. Nd5 Qd8 20. Nc7 Rb8 21. Nc5 Nd4
22. Bc4+ Kh8 23. exf5 gxf5 24. f4 Qxd6 25. fxe5 Qxe5 26. N5e6 Bxe6 27. Nxe6 Nxe6
28. Re1 Ne4 0-1

[Event "Reykjavik Open 2018"]
[Site "Reykjavik ISL"]
[Date "2018.03.11"]
[Round "6.70"]
[White "Einarsson, Oskar Long"]
[Black "Reynolds, D Ian W"]
[Result "1-0"]
[WhiteElo "1729"]
[BlackElo "1999"]
[WhiteFideId "2309220"]
[BlackFideId "410705"]
[EventDate "2018.03.06"]

1. e4 e5 2. Nf3 Nc6 3. Bb5 a6 4. Ba4 Nf6 5. d3 b5 6. Bb3 Bc5 7. c3 O-O 8. O-O d6
9. h3 h6 10. Re1 Bb7 11. Nbd2 Re8 12. Nf1 d5 13. exd5 Nxd5 14. d4 Bf8 15. dxe5
Na5 16. Bc2 c5 17. Qe2 Qb6 18. Qe4 Nf6 19. Qf5 Bc8 20. Qf4 Nd5 21. Qe4 Nf6 22.
Qf4 Nd5 23. Qe4 Nf6 24. Qh4 Nd5 25. Ne3 Ne7 26. Qe4 g6 27. Qxa8 Nb7 28. Be4 Rd8
29. Rd1 1-0

[Event "Reykjavik Open 2018"]
[Site "Reykjavik ISL"]
[Date "2018.03.11"]
[Round "6.71"]
[White "Ragnarsson, Johann"]
[Black "Heidarsson, Arnar"]
[Result "1-0"]
[WhiteElo "1985"]
[BlackElo "1557"]
[WhiteFideId "2301040"]
[BlackFideId "2312875"]
[EventDate "2018.03.06"]

1. d4 d5 2. e3 Nf6 3. Bd3 e6 4. f4 b6 5. Nd2 Bb7 6. Ngf3 Ne4 7. Bxe4 dxe4 8. Ng5
h6 9. Ngxe4 g6 10. O-O f5 11. Nc3 Nd7 12. Nf3 g5 13. Ne5 g4 14. Qe2 Nf6 15. Qb5+
Nd7 16. Qc4 Nxe5 17. Qxe6+ Qe7 18. Qxe5 Qxe5 19. fxe5 O-O-O 20. Rxf5 h5 21. Bd2
c5 22. Raf1 Bh6 23. R1f2 Bxe3 24. Bxe3 cxd4 25. Bg5 dxc3 26. Bxd8 cxb2 27. Rf1
Kxd8 28. Rf8+ Rxf8 29. Rxf8+ Ke7 30. Rf1 Be4 31. Rb1 Bxc2 32. Rxb2 Bf5 33. Kf2
Ke6 34. Ke3 h4 35. Kf4 h3 36. g3 1-0

[Event "Reykjavik Open 2018"]
[Site "Reykjavik ISL"]
[Date "2018.03.11"]
[Round "6.72"]
[White "Huber-Delle, Guenther"]
[Black "Velez Romero, Juan Luis"]
[Result "0-1"]
[WhiteElo "1665"]
[BlackElo "1981"]
[WhiteFideId "30904056"]
[BlackFideId "2273187"]
[EventDate "2018.03.06"]

1. e4 c5 2. Ne2 d6 3. Nbc3 Nf6 4. g3 g6 5. Bg2 Bg7 6. O-O O-O 7. f4 Nc6 8. h3
Rb8 9. a4 Bd7 10. Kh2 a6 11. d4 cxd4 12. Nxd4 Nxd4 13. Qxd4 Ng4+ 0-1

[Event "Reykjavik Open 2018"]
[Site "Reykjavik ISL"]
[Date "2018.03.11"]
[Round "6.73"]
[White "Flynn, Jacob"]
[Black "Haraldsson, Haraldur"]
[Result "1/2-1/2"]
[WhiteElo "1710"]
[BlackElo "1963"]
[WhiteFideId "2509393"]
[BlackFideId "2311100"]
[EventDate "2018.03.06"]

1. Nf3 Nf6 2. g3 g6 3. Bg2 Bg7 4. O-O O-O 5. c4 c6 6. Nc3 d5 7. cxd5 cxd5 8. d4
Nc6 9. Ne5 Be6 10. Bf4 Rc8 11. Nxc6 Rxc6 12. Be5 Rc4 13. Rc1 Qd7 14. b3 Rcc8 15.
e3 Rfd8 16. Ne2 Bh3 17. Nf4 Bxg2 18. Kxg2 Qb5 19. Bxf6 Bxf6 20. Qd2 e6 21. Nd3
b6 22. Rxc8 Rxc8 23. Rc1 Rxc1 24. Nxc1 Qc6 25. Nd3 Be7 26. Qc1 Qxc1 27. Nxc1 Bd6
28. Nd3 Kf8 29. Kf1 Ke7 30. Ke2 f6 31. f4 1/2-1/2